CROSS PURPOSES (Record no. 382235)

MARC details
000 -LEADER
fixed length control field 00331nam a2200145Ia 4500
008 - FIXED-LENGTH DATA ELEMENTS--GENERAL INFORMATION
fixed length control field 100122s9999 xx 000 0 und d
082 ## - DEWEY DECIMAL CLASSIFICATION NUMBER
Item number 70797
Classification number 823
100 ## - MAIN ENTRY--PERSONAL NAME
Personal name CECIL HENRY
245 ## - TITLE STATEMENT
Title CROSS PURPOSES
260 ## - PUBLICATION, DISTRIBUTION, ETC. (IMPRINT)
Name of publisher, distributor, etc RUPA & CO
Date of publication, distribution, etc 2003
300 ## - PHYSICAL DESCRIPTION
Extent 199
630 ## - SUBJECT ADDED ENTRY--UNIFORM TITLE
Uniform title CROSS PURPOSES
730 ## - ADDED ENTRY--UNIFORM TITLE
Uniform title CROSS PURPOSES
942 ## - ADDED ENTRY ELEMENTS (KOHA)
Koha item type Book
Holdings
Withdrawn status Lost status Damaged status Not for loan Home library Current library Date acquired Cost, normal purchase price Total Checkouts Full call number Barcode Date last seen Cost, replacement price Price effective from Koha item type Public note
        S.V. Pathak Library, Vile Parle S.V. Pathak Library, Vile Parle 11/07/2006 150.00   70797 SVPPARLE-70797 01/25/2010 150.00 01/25/2010 Book ", , General, NA"